A game of vows (Record no. 44290)

MARC details
000 -LEADER
fixed length control field 00508nam a2200145 a 4500
008 - FIXED-LENGTH DATA ELEMENTS--GENERAL INFORMATION
fixed length control field 130627s2012 ||||||||||||||||| || u
020 ## - INTERNATIONAL STANDARD BOOK NUMBER
International Standard Book Number 9780263228052
050 ## - LIBRARY OF CONGRESS CALL NUMBER
Classification number PR 5899 .Y26 G15
100 ## - MAIN ENTRY--PERSONAL NAME
Personal name Yates, Maisey
245 12 - TITLE STATEMENT
Title A game of vows
Statement of responsibility, etc. by Maisey Yates
260 ## - PUBLICATION, DISTRIBUTION, ETC.
Place of publication, distribution, etc. United Kingdom:
Name of publisher, distributor, etc. Mills and Boon
Date of publication, distribution, etc. 2012
300 ## - PHYSICAL DESCRIPTION
Extent 187p.
650 ## - SUBJECT ADDED ENTRY--TOPICAL TERM
Topical term or geographic name entry element ENGLISH LANGUAGE
995 ## - RECOMMENDATION 995 [LOCAL, UNIMARC FRANCE]
-- CBU-MAIN LIBRARY (Kitwe)
-- 1
-- LOST
-- Dec 13, 2021
-- Nov 4, 2013
-- Fiction Collection
Holdings
Withdrawn status Lost status Source of classification or shelving scheme Damaged status Not for loan Home library Current library Shelving location Date acquired Total Checkouts Full call number Barcode Date last seen Price effective from Koha item type
          CBU-MAIN LIBRARY, KITWE. CBU-MAIN LIBRARY, KITWE.   11/30/2022   PR 5899 .Y26 G15 744161 11/30/2022 11/30/2022 MONOGRAPH